Top 10 NBA Small Forwards 2025 - Statistics

General Stats
  • This quiz has been taken 307 times
  • The average score is 6 of 10
Answer Stats
# Answer % Correct
3 Jimmy Butler
86%
1 Jaylen Brown
84%
2 Paul George
69%
4 DeMar DeRozan
65%
9 Mikal Bridges
57%
7 Brandon Ingram
56%
6 Franz Wagner
55%
8 Khris Middleton
53%
10 OG Anunoby
41%
5 Lauri Markkanen
39%
No matching quizzes found
Score Distribution
Percent of People with Each Score
Percentile by Number Answered
Your Score History
You have not taken this quiz